000 00302nam a2200121Ia 4500
008 230907s9999||||xx |||||||||||||| ||und||
082 _a174.2
_bPEN
100 _aPence, Gregory E.,
_9116098
245 0 _aMedical ethics :
300 _axx, 365, 32, 14 pages ;
650 _aCase studies.
942 _cBK
999 _c601046
_d601046